Mitoamérica: (Registro nro. 19249)

Detalles MARC
000 -CABECERA
Campo de control 01119nam a22003257a 4500
005 - FECHA Y HORA DE LA ULTIMA TRANSACCION
Campo de control 20170130113435.0
008 - ELEMENTOS DE LONGITUD FIJA—INFORMACION GENERAL
Campo de control 170130b xxu||||| |||| 00| 0 spa d
020 ## - ISBN
ISBN 9789587242423
040 ## - FUENTE DE CATALOGACIÓN
Agencia catalogadora original CO-BoIAVH
Agencia transcriptora CO-BoIAVH
041 ## - IDIOMA
Código de idioma para texto/pista de sonido o título separado Español
044 ## - PAÍS DE PUBLICACIÓN
País de publicación Colombia
090 ## - CLASIFICACIÓN LOCAL
Colección I-H
Consecutivo 01
100 1# - ASIENTO PRINCIPAL--NOMBRE PERSONAL
Nombre personal Román, Celso
9 (RLIN) 20712
245 1# - MENCION DE TITULO
Título Mitoamérica:
Parte restante del título el llamado de las voces de nuestro pasado
260 ## - PUBLICACION, DISTRIBUCION, ETC. (PIE DE IMPRENTA)
Lugar de publicación, distribución, etc. Bogotá:
Nombre del editor, distribuidor, etc. Libros y libros SA,
Fecha de publicación, distribución, etc. 2012.
300 ## - DESCRIPCION FISICA
Extensión 111 paginas.
505 ## - NOTA DE CONTENIDO
Nota de contenido El inicio de un viaje mágico
505 ## - NOTA DE CONTENIDO
Nota de contenido Capitulo 1. Cultura Sioux (Estados Unidos)
505 ## - NOTA DE CONTENIDO
Nota de contenido Capitulo 2. Cultura Quiché Maya (Guatemala)
505 ## - NOTA DE CONTENIDO
Nota de contenido Capitulo 3. Cultura Muisca (Colombia)
505 ## - NOTA DE CONTENIDO
Nota de contenido Capitulo 4. Cultura Inca(Peru)
505 ## - NOTA DE CONTENIDO
Nota de contenido Capitulo 5. Cultura Mapuche (Chile)
505 ## - NOTA DE CONTENIDO
Nota de contenido Capitulo 6. Cultura Guaraní (Argentina, Uruguay, Paraguay)
650 14 - ASIENTO SECUNDARIO DE MATERIA - TERMINO TEMATICO
Término temático o nombre geográfico como elemento de entrada Continente Americano
9 (RLIN) 78493
650 14 - ASIENTO SECUNDARIO DE MATERIA - TERMINO TEMATICO
Término temático o nombre geográfico como elemento de entrada Riqueza cultural
9 (RLIN) 78494
650 14 - ASIENTO SECUNDARIO DE MATERIA - TERMINO TEMATICO
Término temático o nombre geográfico como elemento de entrada Ancestros
9 (RLIN) 78499
700 ## - ASIENTO SECUNDARIO - NOMBRE PERSONAL
Nombre personal Suárez, Luis Enrique
Término de relación Ilustrador
9 (RLIN) 78497
700 ## - ASIENTO SECUNDARIO - NOMBRE PERSONAL
Nombre personal Buriticá Ariza, Rosa Adriana
Término de relación editora
9 (RLIN) 78498
942 ## - ELEMENTOS ADICIONALES (KOHA)
Sistema de clasificación Local
Tipo de ítem Libro
Existencias
Withdrawn status Lost status Sistema de Clasificación Damaged status No para préstamo Colección Inventariado Ubicación Permanente Ubicación actual Fecha de adquisición Fuente de Valor Valor Total Checkouts Número topográfico Inventario / Código de Barras Date last seen Ejemplar Price effective from Forma de adquisición Tipo de material
    Local     Infantil Inventariado 2017 Bogotá Bogotá 30/01/2017 Instituto 36000.00   I-H-01 042375 30/01/2017 Ej. 1 30/01/2017 Donación Libro